000 00789nam a2200301Ia 4500
001 15937
003 IT-RoPAU
008 130308s9999 xx 000 0 und d
040 _aIT-RoPAU
040 _cIT-RoPAU
041 _aITALIANO
100 _aKozak Primoz
100 _gCodice Aut. SPICS: 5016
245 _aAffare (L')
245 _bTeatro Sloveno (Il)
250 _a1a ed.
260 _aVENEZIA/PADOVA
260 _bMarsilio
260 _c1975 [1° Ed.:1975 - Ed.Ling.Originale:]
300 _a"13 p. (prefazione: no ; testo: 13 [pagine: 327-339])"
500 _aAtto Unico Scene Dalla Sedicesima Alla Ventesima
650 _aSTORIA NAZIONALE DEL TEATRO
650 _eCodice materia Spics: 8409
942 _cBK
957 _71
999 _c62266
_d62266
999 _bSI
999 _g1